000
00323nam a22001217a 4500
008
190314b xxu||||| |||| 00| 0 eng d
041
_a
eng
080
_a
043.3
100
_a
0
101
_a
SI-MTH
245
_a
Strategjia e teknologjisë informative në agjencinë kadastrale të Kosovës
_c
Maçastena,n
942
_2
udc
_c
BK
999
_c
54784
_d
54784